Los escritores célebres / (Record no. 123165)

MARC details
000 -LEADER
campo de control de longitud fija 00814nam a2200205 i 4500
001 - NÚMERO DE CONTROL
campo de control 123165
003 - IDENTIFICADOR DE NÚMERO DE CONTROL
campo de control ES-MaACL
005 - FECHA Y HORA DE LA ÚLTIMA TRANSACCIÓN
campo de control 20251015164737.0
007 - CAMPO FIJO DE DESCRIPCIÓN FÍSICA--INFORMACIÓN GENERAL
campo de control de longitud fija t|
008 - DATOS DE LONGITUD FIJA--INFORMACIÓN GENERAL
campo de control de longitud fija 070214m19661967sp |||| |cspa d
100 1# - ENTRADA PRINCIPAL--NOMBRE DE PERSONA
Nombre de persona Queneau, Raymond.
9 (RLIN) 94514
245 14 - MENCIÓN DEL TÍTULO
Título Los escritores célebres /
Mención de responsabilidad, etc. Raymond Queneau ; traducción de Juan Eduardo Cirlot.
260 ## - PUBLICACIÓN, DISTRIBUCIÓN, ETC.
Lugar de publicación, distribución, etc. Barcelona :
Nombre del editor, distribuidor, etc. Gustavo Gili,
Fecha de publicación, distribución, etc. 1966-67.
300 ## - DESCRIPCIÓN FÍSICA
Extensión 3 v. :
Otras características físicas il. ;
Dimensiones 30 cm.
505 8# - NOTA DE CONTENIDO CON FORMATO
Nota de contenido con formato Contiene: I ;
Título Antigüedad, cristiandad medieval, oriente (396 p.) - II ;
-- Europa medieval, Renacimiento, del Barroco al Prerromanticismo (388 p.) - III ;
-- De Goethe a García Lorca (498 p.)
650 #4 - PUNTO DE ACCESO ADICIONAL DE MATERIA--TÉRMINO DE MATERIA
Término de materia o nombre geográfico como elemento de entrada Escritores-
Subdivisión de forma Biografías.
9 (RLIN) 136034
700 1# - ENTRADA AGREGADA--NOMBRE PERSONAL
Nombre de persona Cirlot, Juan-Eduardo,
Fechas asociadas al nombre 1916-1973
9 (RLIN) 38898
852 ## - LOCALIZACIÓN
Ubicación ES-MaACL
Número de control de estantería C-33922-24
Holdings
Estatus retirado Estado de pérdida Estado de daño No para préstamo Biblioteca de origen Biblioteca actual Ubicación en estantería Fecha de adquisición Fuente de adquisición Total de préstamos Signatura topográfica completa Código de barras Visto por última vez Precio de reemplazo Tipo de ítem Koha
        Biblioteca del Ateneo de Madrid Biblioteca del Ateneo de Madrid Depósito 2 17/01/2008     C-33922-24 1128337 23/02/2023 23/02/2023 Libro impreso